[Event "Bad Woerishofen Seniors op 39th"]
[Site "Bad Woerishofen"]
[Date "2024.03.11"]
[Round "4"]
[White "Rauch, Uwe"]
[Black "Okrajek, Alexander"]
[Result "1/2-1/2"]
[WhiteElo "2083"]
[BlackElo "2128"]
[PlyCount "122"]
[EventDate "2024.03.08"]
[EventType "swiss"]
[EventRounds "9"]
[EventCountry "GER"]
[SourceTitle "CB13_2024"]
[SourceDate "2024.03.27"]
[SourceVersion "1"]
[SourceVersionDate "2024.03.27"]
[SourceQuality "1"]

1. e4 c6 2. Nc3 d5 3. Nf3 dxe4 4. Nxe4 Nf6 5. Nxf6+ exf6 6. d4 Bd6 7. Bd3 0-0 8. Be3 Qb6 9. Qc1 Re8 10. h3 c5 11. 0-0 Nc6 12. c3 cxd4 13. Nxd4 Bc5 14. Re1 Bd7 15. Nc2 Ne5 16. Bf1 Bf5 17. Bxc5 Qxc5 18. Nd4 Bg6 19. Qe3 Red8 20. Rad1 Rdc8 21. f4 Nc6 22. Nb5 Qxe3+ 23. Rxe3 Rd8 24. Rxd8+ Rxd8 25. Nd6 h5 26. Nxb7 Rb8 27. Ba6 Bf5 28. b4 Kf8 29. a3 Ne7 30. c4 Be6 31. Nc5 Rb6 32. Rxe6 fxe6 33. Nd7+ Ke8 34. Nxb6 axb6 35. Bb7 Kd7 36. Bf3 h4 37. Be4 f5 38. Bf3 Ng6 39. a4 Nxf4 40. a5 bxa5 41. bxa5 Kc7 42. a6 Kb6 43. Bb7 Nd3 44. Bc8 g6 45. Bxe6 Kxa6 46. Bf7 Ne5 47. Be6 Kb6 48. Kf2 Kc5 49. Ke3 Kd6 50. Bg8 g5 51. Bh7 f4+ 52. Kd4 f3 53. c5+ Kc7 54. gxf3 Nxf3+ 55. Kd5 Ng1 56. Bf5 Ne2 57. c6 Nf4+ 58. Kc5 Nh5 59. Be4 Nf4 60. Bf5 Ng2 61. Bg4 Nf4 1/2-1/2

[Event "Oberliga NRW 1819"]
[Site "Germany"]
[Date "2019.02.17"]
[Round "6.8"]
[White "Okrajek, Alexander"]
[Black "Schmidt, Martin3333"]
[Result "1-0"]
[WhiteElo "2202"]
[BlackElo "2047"]
[PlyCount "73"]
[EventDate "2018.09.16"]
[EventType "team-tourn"]
[EventRounds "9"]
[EventCountry "GER"]
[SourceTitle "EXT 2020"]
[Source "ChessBase"]
[SourceDate "2019.10.17"]
[SourceVersion "1"]
[SourceVersionDate "2019.10.17"]
[SourceQuality "1"]
[WhiteTeam "Siegburg"]
[BlackTeam "Koeln SF"]
[WhiteTeamCountry "GER"]
[BlackTeamCountry "GER"]

1. d4 d5 2. c4 Nc6 3. e3 e5 4. dxe5 d4 5. exd4 Qxd4 6. Qxd4 Nxd4 7. Bd3 Ne7 8. Ne2 Bf5 9. Nxd4 Bxd3 10. b3 0-0-0 11. Be3 Ng6 12. Nf3 Bb4+ 13. Bd2 Be7 14. Nc3 Rhe8 15. Nd5 Ba3 16. Bc3 c6 17. Ne3 Nf4 18. Rd1 f6 19. g3 Ne2 20. Ba5 b6 21. Rxd3 Rxd3 22. Kxe2 Red8 23. Be1 Bb2 24. exf6 gxf6 25. h4 a5 26. c5 a4 27. cxb6 axb3 28. axb3 Rxb3 29. Bd2 Ba3 30. Nc4 Re8+ 31. Be3 Bc5 32. Rd1 Kb8 33. Nd4 Bxd4 34. Rxd4 Rb4 35. Kd3 c5 36. Rd7 Kc8 37. Rxh7 1-0

[Event "NRW Class2 1718"]
[Site "Germany"]
[Date "2017.11.19"]
[Round "3.6"]
[White "Kleinegger, Frank"]
[Black "Okrajek, Alexander"]
[Result "0-1"]
[WhiteElo "2100"]
[BlackElo "2078"]
[PlyCount "134"]
[EventDate "2017.09.17"]
[EventType "team-tourn"]
[EventRounds "9"]
[EventCountry "GER"]
[SourceTitle "EXT 2019"]
[Source "ChessBase"]
[SourceDate "2018.10.10"]
[SourceVersion "1"]
[SourceVersionDate "2018.10.10"]
[SourceQuality "1"]
[WhiteTeam "Kamen"]
[BlackTeam "Siegburg"]
[WhiteTeamCountry "GER"]
[BlackTeamCountry "GER"]

1. Nf3 Nf6 2. g3 d5 3. Bg2 Bg4 4. 0-0 Nbd7 5. d4 e6 6. Nbd2 Bd6 7. c4 c6 8. Qc2 0-0 9. e4 dxe4 10. Nxe4 Nxe4 11. Qxe4 Bf5 12. Qe2 h6 13. b3 Re8 14. Bb2 a5 15. Nh4 Bh7 16. Be4 Bxe4 17. Qxe4 a4 18. Nf3 Qa5 19. Qc2 e5 20. c5 Bf8 21. Bc3 Qa6 22. b4 e4 23. Ne5 Nf6 24. Rae1 Nd5 25. Bd2 f6 26. Ng6 f5 27. g4 fxg4 28. Rxe4 Nf6 29. Re5 Rxe5 30. dxe5 Nd5 31. Qf5 Qe2 32. e6 Qf3 33. Qe5 Re8 34. Bxh6 Qf6 35. Qxf6 Nxf6 36. Bg5 Rxe6 37. Rd1 Nd5 38. Nf4 Nxf4 39. Bxf4 Re4 40. Be3 Rxb4 41. Rd8 Kf7 42. Kg2 Be7 43. Rb8 Ke6 44. Kg3 Bf6 45. Ra8 Be5+ 46. Kg2 Bd4 47. Bxd4 Rxd4 48. Ra7 Kd5 49. Rxb7 Kxc5 50. Rxg7 Kb4 51. Kg3 c5 52. f4 gxf3 53. h4 c4 54. h5 c3 55. h6 f2 56. Kxf2 Rh4 57. h7 Ka3 58. Ke3 Kb2 59. Rb7+ Kc2 60. Ke2 Rh3 61. Ke1 Kc1 62. Rc7 c2 63. Rb7 a3 64. Ke2 Rh6 65. Rc7 Rh2+ 66. Kd3 Kd1 67. Rxc2 Rh3+ 0-1

[Event "Mittelrhein Regionalliga 16/17"]
[Site "Nordrheinwestfalen"]
[Date "2017.01.08"]
[Round "6.6"]
[White "Kloss, Henning"]
[Black "Okrajek, Alexander"]
[Result "1/2-1/2"]
[WhiteElo "2148"]
[BlackElo "2103"]
[PlyCount "81"]
[EventDate "2016.09.11"]
[EventType "team-tourn"]
[EventRounds "11"]
[EventCountry "GER"]
[SourceTitle "EXT 2022"]
[Source "ChessBase"]
[SourceDate "2021.10.06"]
[SourceVersion "1"]
[SourceVersionDate "2021.10.06"]
[SourceQuality "1"]
[WhiteTeam "Koeln Lasker"]
[BlackTeam "Siegburg"]
[WhiteTeamCountry "GER"]
[BlackTeamCountry "GER"]

1. d4 Nf6 2. c4 g6 3. Nc3 Bg7 4. e4 d6 5. f3 0-0 6. Be3 e5 7. Nge2 c6 8. Qd2 Nbd7 9. d5 c5 10. g4 h5 11. h3 a6 12. Bg5 Qa5 13. Ng3 h4 14. Bxh4 Rb8 15. Bg5 b5 16. Nd1 Qxd2+ 17. Bxd2 Nb6 18. cxb5 axb5 19. h4 Bd7 20. Ba5 Rb7 21. Bxb6 Rxb6 22. a3 Ra8 23. g5 Nh7 24. Rc1 f6 25. Bh3 Bxh3 26. Rxh3 fxg5 27. h5 gxh5 28. Rxh5 b4 29. axb4 Rxb4 30. Nf5 Bf8 31. Rc2 g4 32. Rg2 Nf6 33. Rg5+ Kf7 34. R5xg4 Nxg4 35. Rxg4 Rb3 36. Ke2 Ra1 37. Rh4 Kg8 38. Rg4+ Kh7 39. Rh4+ Kg8 40. Rg4+ Kf7 41. Rh4 1/2-1/2

[Event "Hamburg-ch Seniors 23rd"]
[Site "Hamburg"]
[Date "2016.11.07"]
[Round "6"]
[White "Grimm, Uwe"]
[Black "Okrajek, Alexander"]
[Result "0-1"]
[WhiteElo "2093"]
[BlackElo "2230"]
[PlyCount "166"]
[EventDate "2016.11.02"]
[EventType "swiss"]
[EventRounds "9"]
[EventCountry "GER"]
[SourceTitle "EXT 2019"]
[Source "ChessBase"]
[SourceDate "2018.10.10"]
[SourceVersion "1"]
[SourceVersionDate "2018.10.10"]
[SourceQuality "1"]

1. f4 g6 2. Nf3 Bg7 3. e3 c5 4. d4 Nf6 5. c3 0-0 6. Bd3 b6 7. Qe2 Bb7 8. Nbd2 d6 9. 0-0 Nc6 10. f5 e5 11. fxg6 hxg6 12. dxe5 Nxe5 13. Nxe5 dxe5 14. e4 Qd7 15. Nf3 Rad8 16. Bc2 Nh5 17. g3 Qg4 18. Rf2 Nf4 19. Bxf4 exf4 20. Rg2 Rd6 21. Re1 Rfd8 22. gxf4 Qxf4 23. Bb3 Bh6 24. Rf1 Qe3+ 25. Kh1 Rf6 26. Qxe3 Bxe3 27. Re2 Bh6 28. Kg2 Ba6 29. c4 Bb7 30. Rfe1 Re6 31. Bc2 Bg7 32. Bb1 Bh6 33. Kg3 Rde8 34. Kf2 Kg7 35. Nh4 Bf4 36. Nf3 Rh8 37. Kf1 Re7 38. Rd1 Bc6 39. Rde1 Rd7 40. Rf2 Rh5 41. Kg1 Be5 42. Nxe5 Rxe5 43. Rfe2 Rd4 44. b3 Bd7 45. Kf2 Rh5 46. Kg1 Kf6 47. Rf2+ Ke7 48. Ref1 Be6 49. Bc2 Kd6 50. Kh1 Ke5 51. Bd1 Rh4 52. Bf3 Rd3 53. Bg2 Rh8 54. Kg1 Rhd8 55. Re2 Rd2 56. Rff2 Rd1+ 57. Rf1 R8d2 58. Rxd1 Rxe2 59. a4 Re3 60. Rb1 a5 61. Kf2 Kd4 62. Bf3 Rc3 63. Kg3 Rd3 64. h4 Kc3 65. Kf4 Kb4 66. h5 gxh5 67. Bxh5 Rxb3 68. Rg1 Kxc4 69. Ke5 Kb4 70. Rf1 Kxa4 71. Bd1 Kb4 72. Bxb3 Bxb3 73. Kd6 b5 74. Rf5 a4 75. e5 a3 76. Rf4+ Bc4 77. Rg4 a2 78. Rg1 Be6 79. Ra1 Ka3 80. Rg1 b4 81. Kxc5 b3 82. Rd1 b2 83. Rd3+ Bb3 0-1

[Event "Mittelrhein Verbandsliga-O 15/16"]
[Site "Nordrheinwestfalen"]
[Date "2016.05.01"]
[Round "11"]
[White "Okrajek, Alexander"]
[Black "Meisser, Wolf Dieter"]
[Result "1-0"]
[WhiteElo "2117"]
[BlackElo "1947"]
[PlyCount "101"]
[EventDate "2015.09.06"]
[EventType "team-tourn"]
[EventRounds "11"]
[EventCountry "GER"]
[SourceTitle "EXT 2022"]
[Source "ChessBase"]
[SourceDate "2021.10.06"]
[SourceVersion "1"]
[SourceVersionDate "2021.10.06"]
[SourceQuality "1"]
[WhiteTeam "Siegburg"]
[BlackTeam "Lohmar"]
[WhiteTeamCountry "GER"]
[BlackTeamCountry "GER"]

1. d4 Nf6 2. c4 g6 3. Nc3 Bg7 4. g3 d5 5. cxd5 Nxd5 6. Bg2 Nb6 7. d5 c6 8. e4 0-0 9. Nge2 e6 10. dxe6 Qxd1+ 11. Kxd1 Bxe6 12. Bg5 Na6 13. b3 Rfe8 14. Rb1 Nb4 15. a3 Nd3 16. Rf1 Bf8 17. Kc2 Ne5 18. a4 h6 19. Bf4 Bg7 20. Rbd1 Rad8 21. h3 g5 22. Be3 f6 23. f4 Nf7 24. Nd4 Bc8 25. Rfe1 Nd6 26. a5 Na8 27. a6 c5 28. Ndb5 Nxb5 29. Nxb5 Rxd1 30. Rxd1 bxa6 31. Nd6 Rd8 32. Bxc5 Bf8 33. e5 Bxd6 34. Bxd6 Nb6 35. exf6 Bf5+ 36. Kb2 Rc8 37. Rd2 Kf7 38. g4 Bd7 39. fxg5 hxg5 40. Be7 Bc6 41. Bxc6 Rxc6 42. Rd8 Rc8 43. Rd3 Rc7 44. b4 Rd7 45. Rxd7 Nxd7 46. Kb3 Nxf6 47. Bxf6 Kxf6 48. Ka4 Ke6 49. Ka5 Kd6 50. Kxa6 Kc6 51. Kxa7 1-0

[Event "Mittelrhein Verbandsliga-O 15/16"]
[Site "Nordrheinwestfalen"]
[Date "2016.02.21"]
[Round "8"]
[White "Okrajek, Alexander"]
[Black "Weigant, Wladimir"]
[Result "0-1"]
[WhiteElo "2090"]
[BlackElo "2106"]
[PlyCount "88"]
[EventDate "2015.09.06"]
[EventType "team-tourn"]
[EventRounds "11"]
[EventCountry "GER"]
[SourceTitle "EXT 2022"]
[Source "ChessBase"]
[SourceDate "2021.10.06"]
[SourceVersion "1"]
[SourceVersionDate "2021.10.06"]
[SourceQuality "1"]
[WhiteTeam "Siegburg"]
[BlackTeam "Bonn Stadtverwaltung"]
[WhiteTeamCountry "GER"]
[BlackTeamCountry "GER"]

1. Nf3 d6 2. c4 Bg4 3. Qb3 Qc8 4. g3 Nf6 5. Bg2 c6 6. h3 Bd7 7. d4 g6 8. Nc3 Bg7 9. 0-0 0-0 10. Kh2 Na6 11. e4 Rb8 12. e5 Ne8 13. Bf4 Nac7 14. Qa3 Be6 15. c5 d5 16. b4 a6 17. Na4 h6 18. Nb6 Qd8 19. Qa5 Bf5 20. Rfe1 Ne6 21. Be3 Be4 22. Na4 N8c7 23. Nc3 Bxf3 24. Bxf3 f6 25. exf6 exf6 26. Ne2 g5 27. g4 f5 28. gxf5 Rxf5 29. Bg4 Rf7 30. Bxe6 Nxe6 31. Qxd8+ Rxd8 32. Kg2 Re8 33. Red1 Nf4+ 34. Bxf4 gxf4 35. Kf3 Re4 36. Rd2 Rf5 37. Rad1 Re8 38. a4 Bf6 39. Rg1+ Kf7 40. Rg4 Bg5 41. Nc3 Re3+ 42. fxe3 fxe3+ 43. Ke2 Rf2+ 44. Ke1 Rxd2 0-1

[Event "Werther Schloss op-A 8th"]
[Site "Werther"]
[Date "2002.03.23"]
[Round "2"]
[White "Okrajek, Alexander"]
[Black "Epishin, Vladimir"]
[Result "0-1"]
[WhiteElo "2295"]
[BlackElo "2599"]
[PlyCount "104"]
[EventDate "2002.03.22"]
[EventType "swiss"]
[EventRounds "5"]
[EventCountry "GER"]
[SourceTitle "CBM 087 Extra"]
[Source "ChessBase"]
[SourceDate "2002.05.03"]
[SourceVersion "2"]
[SourceVersionDate "2002.08.09"]
[SourceQuality "1"]

1. Nf3 g6 2. e4 d5 3. exd5 Qxd5 4. Nc3 Qd6 5. Bc4 Nf6 6. d3 Bg7 7. 0-0 0-0 8. Bg5 c6 9. Re1 Bg4 10. h3 Bxf3 11. Qxf3 Nbd7 12. Ne4 Nxe4 13. Qxe4 e5 14. Qh4 Rae8 15. d4 Bf6 16. dxe5 Bxg5 17. Qxg5 Rxe5 18. Rxe5 Nxe5 19. Bb3 Qc5 20. Qf6 Re8 21. Rd1 Qe7 22. Qf4 b6 23. Kh1 Kg7 24. Re1 g5 25. Qg3 Qf6 26. Re4 Qf5 27. Ra4 a5 28. f4 b5 29. Rxa5 Qxf4 30. Qxf4 gxf4 31. a4 Rb8 32. axb5 cxb5 33. Ra7 Kf6 34. Kg1 Rd8 35. Kf1 Rb8 36. Kg1 h5 37. Kf2 h4 38. Ke2 Rg8 39. Bd5 Rd8 40. Be4 Rd4 41. Bd3 b4 42. Ra6+ Kg5 43. Ra5 f6 44. Ra8 f3+ 45. gxf3 Kf4 46. Rf8 Rd6 47. Rb8 Nc6 48. Rh8 Nd4+ 49. Kf2 Nxf3 50. Be2 Rd2 51. Rg8 f5 52. Rh8 Rxc2 0-1

[Event "Erlangen op 17th"]
[Site "Erlangen"]
[Date "2002.??.??"]
[Round "?"]
[White "Okrajek, Alexander"]
[Black "Schwarzmann, Tobias"]
[Result "1-0"]
[WhiteElo "2279"]
[BlackElo "1653"]
[PlyCount "59"]
[EventDate "2002.??.??"]
[EventType "swiss"]
[EventRounds "5"]
[EventCountry "GER"]
[SourceTitle "EXT 2005"]
[Source "ChessBase"]
[SourceDate "2004.11.15"]
[SourceVersion "1"]
[SourceVersionDate "2004.11.15"]
[SourceQuality "1"]

1. Nf3 b6 2. g3 Bb7 3. Bg2 Nf6 4. 0-0 e6 5. c4 c5 6. Nc3 Be7 7. Re1 d5 8. cxd5 exd5 9. d4 0-0 10. Bf4 Nc6 11. Rc1 Rc8 12. Bh3 Ra8 13. Nb5 Nh5 14. Bc7 Qe8 15. Nd6 Bxd6 16. Bxd6 Ne7 17. dxc5 Qd8 18. Bxe7 Qxe7 19. c6 Bc8 20. Bxc8 Raxc8 21. Qxd5 Nf6 22. Qc4 Rc7 23. b4 Ne4 24. Red1 Nf6 25. a4 Re8 26. Nd4 Rd8 27. Nb5 Rcc8 28. Rxd8+ Rxd8 29. c7 Rc8 30. Nxa7 1-0

[Event "Erlangen op 17th"]
[Site "Erlangen"]
[Date "2002.??.??"]
[Round "?"]
[White "Okrajek, Alexander"]
[Black "Zezulkin, Jurij"]
[Result "0-1"]
[WhiteElo "2279"]
[BlackElo "2524"]
[PlyCount "86"]
[EventDate "2002.??.??"]
[EventType "swiss"]
[EventRounds "5"]
[EventCountry "GER"]
[SourceTitle "EXT 2005"]
[Source "ChessBase"]
[SourceDate "2004.11.15"]
[SourceVersion "1"]
[SourceVersionDate "2004.11.15"]
[SourceQuality "1"]

1. Nf3 Nf6 2. d4 g6 3. c3 Bg7 4. Bf4 0-0 5. e3 d5 6. Bd3 c5 7. Nbd2 b6 8. 0-0 Bb7 9. h3 Nc6 10. Ne5 Nd7 11. Nxd7 Qxd7 12. Nf3 Rad8 13. Bb5 f6 14. Qa4 Qc8 15. Rfd1 e5 16. dxe5 fxe5 17. Bg5 e4 18. Nh2 Rd7 19. Rd2 a6 20. Bxc6 Bxc6 21. Qd1 h6 22. Bh4 Kh7 23. Bg3 h5 24. Qb3 b5 25. Rad1 Rf5 26. Nf1 Qd8 27. Bh2 h4 28. Kh1 a5 29. a3 Qb6 30. a4 b4 31. c4 d4 32. exd4 cxd4 33. Bg1 Qd8 34. Nh2 Bh6 35. Ng4 Bxd2 36. Rxd2 e3 37. fxe3 d3 38. Qd1 Qa8 39. b3 Rdf7 40. Qa1 Qb8 41. Qd4 Rf3 42. e4 Rxh3+ 43. gxh3 Qf4 0-1

[Event "Werther Schloss op-A 7th"]
[Site "Werther"]
[Date "2001.04.08"]
[Round "4"]
[White "Gruene, Nils"]
[Black "Okrajek, Alexander"]
[Result "0-1"]
[WhiteElo "2081"]
[BlackElo "2283"]
[PlyCount "68"]
[EventDate "2001.04.06"]
[EventType "swiss"]
[EventRounds "5"]
[EventCountry "GER"]
[SourceTitle "EXT 2002"]
[Source "ChessBase"]
[SourceDate "2001.11.25"]
[SourceVersion "1"]
[SourceVersionDate "2001.11.25"]
[SourceQuality "1"]

1. e4 c6 2. d4 d5 3. exd5 cxd5 4. Bd3 Nc6 5. c3 Nf6 6. h3 e5 7. dxe5 Nxe5 8. Bc2 Bc5 9. Ne2 0-0 10. Nd4 Re8 11. 0-0 Ne4 12. Nd2 Ng6 13. N2f3 Bd7 14. Bb3 Bc6 15. Be3 Qb6 16. Qd3 a5 17. Nf5 Rad8 18. Bxc5 Qxc5 19. Qd4 Qxd4 20. N5xd4 Nf4 21. Rad1 g6 22. Kh2 Rd6 23. g3 Ne6 24. Nxe6 fxe6 25. Ne5 Bb5 26. c4 Ba6 27. Rfe1 Nc5 28. Ng4 Rf8 29. cxd5 Nxb3 30. dxe6 Nd4 31. e7 Re8 32. Re4 Nf3+ 33. Kg2 Rxd1 34. Kxf3 Kg7 0-1

[Event "Oberliga NRW 0001 I"]
[Site "NRW"]
[Date "2001.02.04"]
[Round "6.7"]
[White "Becker, Marcel"]
[Black "Okrajek, Alexander"]
[Result "1-0"]
[WhiteElo "2245"]
[BlackElo "2283"]
[PlyCount "99"]
[EventDate "2000.09.24"]
[EventType "team"]
[EventRounds "9"]
[EventCountry "GER"]
[SourceTitle "EXT 2006"]
[Source "ChessBase"]
[SourceDate "2005.11.24"]
[SourceVersion "1"]
[SourceVersionDate "2005.11.24"]
[SourceQuality "1"]
[WhiteTeam "Essen Borbeck"]
[BlackTeam "Godesberg II"]
[WhiteTeamCountry "GER"]
[BlackTeamCountry "GER"]

1. d4 c5 2. d5 g6 3. c4 Bg7 4. e4 d6 5. Nc3 Nf6 6. f4 0-0 7. Nf3 e6 8. Be2 exd5 9. cxd5 b5 10. e5 dxe5 11. fxe5 Ng4 12. Bf4 Nd7 13. e6 Nde5 14. Nxe5 Nxe5 15. Bxb5 fxe6 16. 0-0 exd5 17. Qxd5+ Qxd5 18. Nxd5 Bf5 19. Ne7+ Kh8 20. Rae1 Bd3 21. Bxe5 Bxb5 22. Rxf8+ Rxf8 23. Bxg7+ Kxg7 24. Nd5 Bc4 25. Nc3 Rf7 26. Rd1 Rb7 27. Rd2 Be6 28. Kf2 Bf5 29. Ke3 Re7+ 30. Kf3 c4 31. Rd5 h5 32. Rc5 Bd3 33. h4 Rb7 34. Rb5 Re7 35. a4 Kh6 36. a5 Re6 37. g3 Bf5 38. Rc5 Bd3 39. Kf4 Rf6+ 40. Ke3 Re6+ 41. Kd4 Rf6 42. b4 a6 43. b5 axb5 44. Rxb5 Rf1 45. Rb2 Rf6 46. Ra2 Ra6 47. Nd5 Bf1 48. Nb4 Ra8 49. a6 c3 50. a7 1-0

[Event "Oberliga NRW 0001 I"]
[Site "NRW"]
[Date "2000.12.17"]
[Round "4.8"]
[White "Okrajek, Alexander"]
[Black "Wilken, Erwin"]
[Result "1-0"]
[WhiteElo "2283"]
[BlackElo "2306"]
[PlyCount "61"]
[EventDate "2000.09.24"]
[EventType "team"]
[EventRounds "9"]
[EventCountry "GER"]
[SourceTitle "EXT 2006"]
[Source "ChessBase"]
[SourceDate "2005.11.24"]
[SourceVersion "1"]
[SourceVersionDate "2005.11.24"]
[SourceQuality "1"]
[WhiteTeam "Godesberg II"]
[BlackTeam "Muelheim"]
[WhiteTeamCountry "GER"]
[BlackTeamCountry "GER"]

1. e4 c5 2. Nc3 Nc6 3. Bb5 Nd4 4. Bc4 e6 5. Nge2 Nxe2 6. Qxe2 a6 7. a4 Ne7 8. 0-0 g6 9. d3 Bg7 10. Bf4 d6 11. Qe3 0-0 12. Qg3 d5 13. Bb3 d4 14. Nb1 Bd7 15. Nd2 Nc8 16. a5 Bb5 17. h4 Kh8 18. Nf3 Qe8 19. Rfe1 Bd7 20. Qh2 f6 21. e5 f5 22. Nd2 Bb5 23. Nc4 Bxc4 24. Bxc4 Qf7 25. Ra3 Ne7 26. Qg3 Nc6 27. Qf3 Rfe8 28. Qe2 Qc7 29. Qd2 Bxe5 30. Bxe5+ Nxe5 31. Qf4 1-0

[Event "Bad Woerishofen op 16th"]
[Site "Bad Woerishofen"]
[Date "2000.03.24"]
[Round "8"]
[White "Okrajek, Alexander"]
[Black "Levin, Felix"]
[Result "0-1"]
[WhiteElo "2289"]
[BlackElo "2526"]
[PlyCount "58"]
[EventDate "2000.03.??"]
[EventType "swiss"]
[EventRounds "9"]
[EventCountry "GER"]
[SourceTitle "CBM 075 Extra"]
[Source "ChessBase"]
[SourceDate "2000.05.11"]
[SourceVersion "2"]
[SourceVersionDate "2000.05.11"]
[SourceQuality "1"]

1. d4 d5 2. Bg5 f6 3. Bf4 c5 4. e3 Nc6 5. Nf3 g5 6. Bg3 h5 7. h3 cxd4 8. exd4 Nh6 9. Nc3 Nf5 10. Bd3 Nb4 11. Bb5+ Kf7 12. a3 Nc6 13. Qd3 a6 14. Ba4 e6 15. b4 Be7 16. Bb3 b5 17. Rd1 Qd7 18. 0-0 Kg7 19. Rfe1 Nxg3 20. fxg3 Bd6 21. Rf1 Ne7 22. Rde1 Qc7 23. Nxg5 fxg5 24. Qe3 Rh6 25. Ne4 dxe4 26. d5 exd5 27. Qxe4 dxe4 28. Rf7+ Kg6 29. Rxe4 Rh7 0-1